[Event "AUTO-ELITE-645"]
[Site "http://www.queenalice.com/game.php?id=850090"]
[Date "2010.10.24"]
[Round "1"]
[White "gafilho"]
[Black "GMNeny"]
[Result "1/2-1/2"]
[WhiteElo "2366"]
[BlackElo "2389"]

1. d4 Nf6 2. c4 g6 3. Nc3 d5 4. Nf3 Bg7 5. cxd5 Nxd5 6. e4 Nxc3 7. bxc3 c5 8.
Be3 Qa5 9. Qd2 O-O 10. Bc4 Nc6 11. Rb1 b6 12. Rb2 Bb7 13. O-O cxd4 14. cxd4 Qxd2
15. Rxd2 Na5 16. Bd3 Rac8 17. d5 Nc4 18. Bxc4 Rxc4 19. Nd4 Rfc8 20. f3 Bxd4 21.
Bxd4 Ba6 22. Rb1 Kf8 23. Kf2 Rc2 24. Ke3 Rxd2 25. Kxd2 Rc4 26. Bb2 Ke8 27. a3
Kd7 28. g4 f5 29. gxf5 gxf5 30. Rc1 Rxc1 1/2-1/2

[Event "AUTO-ELITE-645"]
[Site "http://www.queenalice.com/game.php?id=850095"]
[Date "2010.10.24"]
[Round "1"]
[White "gafilho"]
[Black "foudangereux"]
[Result "0-1"]
[WhiteElo "2354"]
[BlackElo "2336"]

1. d4 Nf6 2. c4 e6 3. Nc3 Bb4 4. Nf3 c5 5. a3 Bxc3+ 6. bxc3 Nc6 7. Qc2 O-O 8. e4
d5 9. e5 Ne4 10. Bd3 cxd4 11. cxd4 Qa5+ 12. Bd2 Nxd2 13. Qxd2 dxc4 14. Bxc4 Rd8
15. Qxa5 Nxa5 16. Bd3 Bd7 17. Be4 Bb5 18. a4 Ba6 19. h4 Nb3 20. Rd1 Rac8 21. Rh3
h6 22. Bd3 Bxd3 23. Rxd3 Rc1+ 24. Ke2 Na5 25. g4 Nc6 26. g5 Ra1 27. gxh6 gxh6
28. Ke3 Rxa4 29. Ke4 Ra2 30. Rb3 Rd7 31. Rg3+ Kf8 32. Rg2 a5 33. h5 a4 34. Rd3
Nb4 35. Rc3 Rc7 36. Rxc7 Re2+ 37. Kf4 Nd5+ 38. Kg3 Nxc7 39. Rg1 a3 40. Ra1 a2
41. Ne1 b5 42. Kf3 Rxe1 43. Rxe1 b4 0-1

[Event "AUTO-ELITE-645"]
[Site "http://www.queenalice.com/game.php?id=850096"]
[Date "2010.10.24"]
[Round "1"]
[White "foudangereux"]
[Black "gafilho"]
[Result "1-0"]
[WhiteElo "2323"]
[BlackElo "2367"]

1. e4 c5 2. Nf3 d6 3. d4 cxd4 4. Nxd4 Nf6 5. Nc3 a6 6. Bg5 e6 7. f4 b5 8. e5
dxe5 9. fxe5 Qc7 10. exf6 Qe5+ 11. Be2 Qxg5 12. O-O Ra7 13. Qd3 Rd7 14. Ne4 Qe5
15. Nf3 Qxb2 16. Qe3 Bb7 17. a4 Qb4 18. c4 Bxe4 19. Qxe4 Qc5+ 20. Kh1 b4 21. Qf4
Bd6 22. fxg7 Rg8 23. Qf6 Qe3 24. c5 Be7 25. Qb2 Bxc5 26. Rac1 Rd5 27. Bc4 Rh5
28. g4 Rh3 29. Bd5 Nd7 30. Bc6 Ke7 31. Kg2 Rh6 32. Rfe1 Qf4 33. Re4 Qf6 34. Qd2
Bd6 35. h4 Rxh4 36. g5 Rxe4 37. gxf6+ Nxf6 38. Bxe4 Rxg7+ 39. Kf1 Nxe4 40. Qd3
Ng3+ 41. Ke1 Nf5 42. Qxa6 1-0

[Event "AUTO-OPEN-1898"]
[Site "http://www.queenalice.com/game.php?id=889039"]
[Date "2011.1.21"]
[Round "3"]
[White "gafilho"]
[Black "ppeteleco"]
[Result "1/2-1/2"]
[WhiteElo "2341"]
[BlackElo "2492"]

1. d4 Nf6 2. c4 e6 3. Nf3 Nc6 4. Bg5 Bb4+ 5. Nc3 d5 6. Ne5 O-O 7. e3 h6 8. Nxc6
bxc6 9. Bh4 c5 10. a3 Bxc3+ 11. bxc3 cxd4 12. cxd4 c5 13. dxc5 g5 14. Bg3 Ne4
15. Qb3 dxc4 16. Bxc4 Qd2+ 17. Kf1 Nxc5 18. Qb4 Ne4 19. Be2 Nc3 20. Bf3 a5 21.
Qb6 Ra6 22. Qd4 Qxd4 23. exd4 Nb5 24. Be5 f6 25. a4 Nc3 26. Bc7 Bd7 27. Ke1 Nxa4
28. Kd2 Ra7 29. Bd6 Rc8 30. Rhc1 Rxc1 31. Rxc1 Ra6 32. Bc7 Kf7 33. Rb1 Bc6 34.
Bxc6 Rxc6 35. Bxa5 Kg6 36. Rb5 h5 1/2-1/2

[Event "AUTO-OPEN-1898"]
[Site "http://www.queenalice.com/game.php?id=889040"]
[Date "2011.1.21"]
[Round "3"]
[White "ppeteleco"]
[Black "gafilho"]
[Result "0-1"]
[WhiteElo "2480"]
[BlackElo "2346"]

1. e4 c5 2. Nf3 d6 3. Bc4 Nf6 4. Nc3 a6 5. d3 e6 6. O-O b5 7. Bb3 Be7 8. e5 dxe5
9. Nxe5 Bb7 10. a4 b4 11. Ne2 O-O 12. Nc4 Nc6 13. Re1 Nd5 14. Ng3 Nd4 15. Ne4
Nxb3 16. cxb3 f5 17. Ng3 f4 18. Ne4 Rf5 19. Bd2 f3 20. g3 Nb6 21. Na5 Bd5 22.
Bf4 Qe8 23. Bd6 Qh5 24. Re3 Bxd6 25. Nxd6 Rff8 26. Qf1 Nd7 27. Rc1 Ra7 28. Ree1
e5 29. Nac4 Rc7 30. Ra1 Rc6 31. h4 g5 32. hxg5 Bxc4 33. Nxc4 Rf5 34. Nd2 Rxg5
35. Nxf3 Qxf3 36. Qg2 Rf6 37. Qxf3 Rxf3 38. Rad1 Nf6 39. Rd2 Rgf5 40. Kg2 Ng4
41. Ree2 Kf7 42. Kg1 Ke6 43. Kg2 Kd5 44. Kg1 h5 45. Kg2 a5 46. Kg1 Rxf2 47. Rxf2
Rxf2 48. Rxf2 Nxf2 49. Kxf2 Kd4 50. Ke2 e4 51. dxe4 Kxe4 52. Kd2 Kf3 53. Kd3
Kxg3 54. Kc4 Kf4 55. Kxc5 Ke5 56. Kb5 Kd5 57. Kxa5 Kc5 58. Ka6 h4 59. Kb7 h3 60.
Kc7 h2 0-1

[Event "AUTO-ELITE-734"]
[Site "http://www.queenalice.com/game.php?id=914977"]
[Date "2011.3.20"]
[Round "1"]
[White "BEBADO"]
[Black "gafilho"]
[Result "0-1"]
[WhiteElo "2197"]
[BlackElo "2378"]

1. e4 c5 2. Nf3 d6 3. d4 cxd4 4. Nxd4 Nf6 5. Nc3 a6 6. Bc4 e6 7. Bb3 b5 8. O-O
Be7 9. Qf3 Qc7 10. Qg3 O-O 11. Bh6 Ne8 12. Rad1 Bd7 13. f4 Nc6 14. Nxc6 Bxc6 15.
f5 Kh8 16. Bc1 b4 17. Ne2 Bxe4 18. fxe6 fxe6 19. Rxf8+ Bxf8 20. Rf1 Be7 21. Bxe6
Qxc2 22. Qf2 Nf6 23. Nd4 Qxf2+ 24. Rxf2 d5 25. Be3 Bc5 26. Rd2 Re8 27. Bh3 Bb1
28. b3 Rxe3 0-1

[Event "AUTO-ELITE-734"]
[Site "http://www.queenalice.com/game.php?id=914978"]
[Date "2011.3.20"]
[Round "1"]
[White "gafilho"]
[Black "BEBADO"]
[Result "1-0"]
[WhiteElo "2377"]
[BlackElo "2213"]

1. d4 d5 2. c4 dxc4 3. e4 Nf6 4. e5 Nd5 5. Bxc4 Nc6 6. Ne2 Nb6 7. Bd3 Nb4 8. Be4
f5 9. Bf3 c6 10. O-O e6 11. Bh5+ g6 12. Bf3 Bg7 13. Bd2 N4d5 14. Qc1 h6 15. a4
g5 16. Bh5+ Kf8 17. a5 Nd7 18. Nbc3 a6 19. Nxd5 cxd5 20. h4 g4 21. Nf4 Kg8 22.
Nxe6 Qxh4 23. Nf4 Nf8 24. Qc7 Rh7 25. Qf7+ Kh8 26. Qe8 1-0

[Event "AUTO-ELITE-734"]
[Site "http://www.queenalice.com/game.php?id=914983"]
[Date "2011.3.20"]
[Round "1"]
[White "gafilho"]
[Black "ppeteleco"]
[Result "1/2-1/2"]
[WhiteElo "2362"]
[BlackElo "2409"]

1. d4 Nf6 2. c4 e6 3. Nf3 d5 4. Nc3 c6 5. Bg5 Nbd7 6. e3 Qa5 7. cxd5 Nxd5 8. Qd2
Bb4 9. Rc1 h6 10. Bh4 c5 11. Bd3 cxd4 12. exd4 b6 13. O-O O-O 14. a3 Bxc3 15.
bxc3 Bb7 16. Be4 Qxa3 17. c4 f5 18. Bxd5 exd5 19. c5 bxc5 20. dxc5 Qa6 21. Be7
Rf7 22. Rfe1 Nf6 23. Bxf6 Rxf6 24. Nd4 Bc6 25. Re7 Raf8 26. Qe1 R8f7 27. Re5 f4
28. Re6 Qc8 29. Rd6 Ba8 30. Rxf6 Rxf6 31. c6 Bxc6 32. Qc3 f3 33. h3 Rg6 34. g4
Rxg4+ 35. hxg4 Qxg4+ 36. Kf1 Qg2+ 37. Ke1 Qg1+ 38. Kd2 Qxf2+ 39. Kd3 Bb7 40. Qd2
1/2-1/2

[Event "AUTO-ELITE-734"]
[Site "http://www.queenalice.com/game.php?id=914984"]
[Date "2011.3.20"]
[Round "1"]
[White "ppeteleco"]
[Black "gafilho"]
[Result "0-1"]
[WhiteElo "2415"]
[BlackElo "2363"]

1. d4 f5 2. Bg5 g6 3. Nd2 Bg7 4. e4 fxe4 5. Nxe4 d5 6. Nc5 b6 7. Nb3 Nf6 8. Nf3
O-O 9. Be2 a5 10. O-O a4 11. Nbd2 c5 12. c3 h6 13. Be3 Ng4 14. Nh4 Nxe3 15. fxe3
Rxf1+ 16. Qxf1 a3 17. b3 e5 18. Nxg6 cxd4 19. cxd4 exd4 20. Rc1 Nd7 21. Qf5 Nc5
22. Qxd5+ Qxd5 23. Ne7+ Kh8 24. Nxd5 dxe3 25. Nxe3 Bd4 26. Kf2 Be6 27. Rd1 Rf8+
28. Bf3 Nd3+ 29. Ke2 Nf4+ 30. Kf2 Nd5 31. Nf1 Bc5 32. h4 Nb4 33. Ra1 Rd8 34. g4
Bd4 35. Rd1 Bxb3 36. Rb1 Nd3+ 37. Kg2 Bxa2 38. Rd1 Nf4+ 39. Kg3 Bb3 40. Rd2 Ne6
41. Nf5 Be5+ 42. Kf2 Rxd2+ 43. Nxd2 Nc5 44. Nxb3 Nxb3 45. Bd5 a2 46. Bxb3 a1=Q
47. Bf7 Qa4 48. Bh5 b5 49. Ke3 Qc4 50. Kd2 b4 51. Bg6 b3 52. Ne3 Bf4 53. Bd3 Qd4
54. g5 hxg5 55. hxg5 Qxe3+ 0-1

[Event "AUTO-ELITE-740"]
[Site "http://www.queenalice.com/game.php?id=919074"]
[Date "2011.3.29"]
[Round "1"]
[White "Caronte"]
[Black "gafilho"]
[Result "1-0"]
[WhiteElo "2569"]
[BlackElo "2384"]

1. d4 f5 2. Bg5 g6 3. Nd2 Bg7 4. e3 d6 5. f4 Nf6 6. Bd3 Nd5 7. Qe2 Nb4 8. Ngf3
Qd7 9. O-O Nxd3 10. Qxd3 O-O 11. Rae1 e6 12. e4 fxe4 13. Nxe4 h6 14. Bh4 Nc6 15.
c3 Qf7 16. Ng3 Bd7 17. h3 a5 18. Nh2 Kh8 19. Ng4 a4 20. Rf2 Nb8 21. Ne4 Bc6 22.
Bf6 Bxf6 23. Nexf6 h5 24. f5 exf5 25. Qd2 Qg7 26. Re7 hxg4 27. Rxg7 Kxg7 28.
Nh5+ gxh5 29. Qg5+ Kh8 30. Qxh5+ Kg7 31. Qg5+ Kh8 32. Qh6+ Kg8 33. Qg6+ Kh8 34.
hxg4 Be8 35. Qh6+ Kg8 36. Rf3 Rf7 37. gxf5 1-0

[Event "AUTO-ELITE-740"]
[Site "http://www.queenalice.com/game.php?id=919075"]
[Date "2011.3.29"]
[Round "1"]
[White "gafilho"]
[Black "Caronte"]
[Result "0-1"]
[WhiteElo "2385"]
[BlackElo "2576"]

1. d4 Nf6 2. c4 e6 3. Nf3 Bb4+ 4. Nbd2 d5 5. a3 Be7 6. e3 O-O 7. Bd3 b6 8. O-O
c5 9. dxc5 bxc5 10. Qc2 h6 11. b3 Bb7 12. Bb2 Nbd7 13. Rfd1 Bd6 14. Rac1 Rb8 15.
cxd5 exd5 16. Nh4 Re8 17. Nf5 Bf8 18. Ng3 Qb6 19. Bf5 a5 20. Nh5 Ba6 21. Rb1 Be2
22. Nxf6+ Nxf6 23. Rdc1 Rbd8 24. Ba1 d4 25. Nc4 Bxc4 26. bxc4 Qc6 27. exd4 cxd4
28. Rd1 Bc5 29. Rb5 d3 30. Bxd3 Ng4 31. Rxc5 Qxc5 32. Bc3 Ne5 33. Bxe5 Qxe5 34.
g3 Rd6 35. a4 Red8 36. Bh7+ Kf8 37. Rxd6 Qxd6 38. Be4 Qd1+ 39. Qxd1 Rxd1+ 40.
Kg2 Ke7 41. Bc6 Kd6 42. Bb5 Kc5 43. Kf3 Rd4 44. Ke3 Rxc4 45. Bxc4 Kxc4 46. f4
Kb3 47. Kd3 Kxa4 48. Kc4 f5 49. h3 h5 0-1

[Event "AUTO-ELITE-740"]
[Site "http://www.queenalice.com/game.php?id=919082"]
[Date "2011.3.29"]
[Round "1"]
[White "gafilho"]
[Black "WakanTanka"]
[Result "0-1"]
[WhiteElo "2379"]
[BlackElo "2459"]

1. d4 Nf6 2. c4 e6 3. Nf3 d5 4. Nc3 Be7 5. Bf4 O-O 6. e3 Nc6 7. Ne5 Nxe5 8. Bxe5
Bd7 9. Bxf6 Bxf6 10. cxd5 c5 11. dxc5 exd5 12. Qxd5 Qa5 13. Rc1 Rad8 14. Qxb7
Qxc5 15. Qb3 Bc6 16. h4 Rd7 17. h5 Rfd8 18. h6 g6 19. Qc2 Qb4 20. Be2 Bxg2 21.
Rg1 Bb7 22. Rg4 Qa5 23. Ra4 Qg5 24. Ne4 Bxe4 25. Rxe4 Qxh6 26. Rc4 Qh2 27. Rc8
Bh4 28. Rxd8+ Rxd8 29. Bf1 Rd6 30. Qc8+ Kg7 31. Rc2 Rf6 32. Kd1 Bxf2 33. Qc3 Qg1
34. Rxf2 Qxf2 35. Be2 h5 36. e4 h4 37. e5 Rf4 38. e6+ Qd4+ 39. Qxd4+ Rxd4+ 0-1

[Event "AUTO-ELITE-740"]
[Site "http://www.queenalice.com/game.php?id=919083"]
[Date "2011.3.29"]
[Round "1"]
[White "WakanTanka"]
[Black "gafilho"]
[Result "1-0"]
[WhiteElo "2465"]
[BlackElo "2369"]

1. e4 c5 2. c3 Nf6 3. e5 Nd5 4. d4 cxd4 5. cxd4 d6 6. Nf3 e6 7. Bd2 Be7 8. Bc4
Nb6 9. Be2 O-O 10. Qc2 Bd7 11. Bd3 h6 12. Nc3 Bc6 13. exd6 Bxd6 14. Bh7+ Kh8 15.
Be4 Bxe4 16. Qxe4 Nc6 17. O-O Rc8 18. Rab1 Qf6 19. Be3 Rfd8 20. Rfd1 Bc7 21. d5
exd5 22. Nxd5 Nxd5 23. Rxd5 Rxd5 24. Qxd5 Rd8 25. Qe4 a6 26. g3 Rd6 27. Kg2 Re6
28. Qc2 b5 29. Rd1 Be5 30. b3 Bc3 31. Rd7 Re7 32. Rd3 b4 33. Rd5 Re8 34. Qd3 Rd8
35. Rxd8+ Nxd8 36. Bd4 Bxd4 37. Qxd4 Qxd4 38. Nxd4 g6 39. Kf3 Kg7 40. Ke4 Kf6
41. Kd5 1-0

[Event "AUTO-ELITE-734"]
[Site "http://www.queenalice.com/game.php?id=949700"]
[Date "2011.6.14"]
[Round "2"]
[White "boydelta"]
[Black "gafilho"]
[Result "0-1"]
[WhiteElo "2399"]
[BlackElo "2369"]

1. e4 c5 2. Nf3 d6 3. d4 cxd4 4. Nxd4 Nf6 5. Nc3 a6 6. Be2 e5 7. Nb3 Be7 8. O-O
O-O 9. Be3 Be6 10. f4 exf4 11. Bxf4 Nc6 12. Nd4 Qb6 13. Be3 Qxb2 14. Qd2 Qa3 15.
Nf5 Bd8 16. Bg5 Ne5 17. Bxf6 Bxf6 18. Nd5 Bxd5 19. Qxd5 Qc5+ 20. Qxc5 dxc5 21.
Rad1 b5 22. Nh6+ Kh8 23. Rd5 Rae8 24. Nf5 Nc6 25. Rxc5 Na5 26. Rc7 Rxe4 27. Bf3
Rc4 28. Ra7 Rxc2 29. Rxa6 Nc4 30. Rd1 Rb2 31. a4 bxa4 32. Rxa4 Nd2 33. Bc6 Rd8
34. Ra8 Rxa8 35. Bxa8 g6 36. Nd6 Bd4+ 37. Kh1 Kg7 38. Bd5 f5 39. Nc4 Nxc4 40.
Bxc4 f4 41. Bd5 Bf2 42. Ra1 h5 43. h3 Kf6 44. Rd1 Kg5 45. Kh2 Kh4 46. Bf3 g5 47.
Rd8 Rb4 48. Rd7 Rb8 49. Rb7 Re8 50. Rb1 g4 51. Bc6 Re2 52. Rd1 f3 53. Kh1 Ba7
54. hxg4 hxg4 0-1

[Event "AUTO-ELITE-734"]
[Site "http://www.queenalice.com/game.php?id=949702"]
[Date "2011.6.14"]
[Round "2"]
[White "ylisavbots"]
[Black "gafilho"]
[Result "1/2-1/2"]
[WhiteElo "2353"]
[BlackElo "2369"]

1. Nf3 c5 2. e4 d6 3. d4 cxd4 4. Nxd4 Nf6 5. Nc3 a6 6. Be2 e5 7. Nb3 Be6 8. Bf3
Nbd7 9. Be3 Be7 10. O-O Qc7 11. a4 O-O 12. a5 Nc5 13. Nxc5 dxc5 14. Nd5 Bxd5 15.
exd5 e4 16. Be2 Qe5 17. c4 Bd6 18. g3 Qxb2 19. Rb1 Qa3 20. Rxb7 Qxa5 21. Qa1 Qd8
22. Qa3 Re8 23. Rfb1 Nd7 24. h4 h6 25. Qa4 Ne5 26. Qc2 f5 27. Kg2 Re7 28. R7b6
Rf7 29. h5 a5 30. Bf4 a4 31. Qc3 Re7 32. Qa3 Kh7 33. Bd2 Ng4 34. Bf4 Bxf4 35.
gxf4 Qc8 36. d6 Rd7 37. Bxg4 fxg4 38. Qe3 Kh8 39. Qxe4 a3 40. Ra1 Qf8 41. Kg3 a2
42. Kxg4 Ra3 43. Rb2 Qc8 44. Qe6 Qa8 45. Qd5 Qxd5 1/2-1/2

[Event "AUTO-ELITE-734"]
[Site "http://www.queenalice.com/game.php?id=949703"]
[Date "2011.6.14"]
[Round "2"]
[White "gafilho"]
[Black "ylisavbots"]
[Result "1/2-1/2"]
[WhiteElo "2369"]
[BlackElo "2357"]

1. d4 Nf6 2. c4 g6 3. Nc3 Bg7 4. e4 d6 5. Bd3 O-O 6. Nge2 c5 7. d5 Ng4 8. Ng3 h5
9. Bg5 Nd7 10. O-O Qb6 11. Qd2 f6 12. Bf4 Nge5 13. Be2 h4 14. Nh1 g5 15. Be3 Qb4
16. Nb5 Qxd2 17. Bxd2 Nb6 18. b3 Bd7 19. a4 g4 20. a5 Bxb5 21. cxb5 Nbd7 22. Ra4
c4 23. bxc4 Nc5 24. Ra3 Nxe4 25. Bc1 f5 26. f3 gxf3 27. gxf3 Nc5 28. f4 Ng4 29.
Kg2 Rac8 30. Kh3 Bd4 31. Rd1 Bf6 32. Kg2 Ne4 33. h3 Nh6 34. Bd3 Nc5 35. Bf1 Kh7
36. Be3 Bb2 37. Ra2 Rg8+ 38. Kf3 Bc3 39. Rc1 Bf6 40. Bxc5 Rxc5 41. a6 b6 42. Bd3
Bd4 43. Re2 Rc7 44. Re6 Bf6 45. Rce1 Rg6 46. R6e2 Kg7 47. Rg2 Rxg2 48. Kxg2 Rc8
49. Nf2 Kf7 50. Kf1 Rg8 51. Nd1 Bd4 52. Ne3 Kf6 53. Ng2 Rg3 54. Re6+ Kf7 55.
Rxh6 Rxd3 56. Nxh4 Bf6 57. Nxf5 Rf3+ 58. Ke2 Rxf4 59. Rh7+ Kg6 60. Rxe7 Kxf5 61.
Rxa7 Rxc4 62. Rb7 Rc2+ 63. Kd3 Rc3+ 64. Kd2 Rxh3 65. Rxb6 Ke4 66. Rxd6 Rh2+ 67.
Kc1 Bd4 68. Rg6 Kxd5 69. b6 Bxb6 70. Rxb6 Ra2 71. Kb1 1/2-1/2

[Event "AUTO-ELITE-837"]
[Site "http://www.queenalice.com/game.php?id=992831"]
[Date "2011.10.3"]
[Round "1"]
[White "gafilho"]
[Black "BEBADO"]
[Result "1-0"]
[WhiteElo "2382"]
[BlackElo "2175"]

1. d4 Nf6 2. c4 e6 3. Nc3 Bb4 4. Qc2 b6 5. e4 Bb7 6. Bd3 d5 7. cxd5 Bxc3+ 8.
bxc3 exd5 9. e5 Ne4 10. Nh3 h6 11. O-O Ng5 12. Nxg5 hxg5 13. Re1 Kf8 14. Ba3+
Kg8 15. e6 1-0

[Event "AUTO-ELITE-837"]
[Site "http://www.queenalice.com/game.php?id=992832"]
[Date "2011.10.3"]
[Round "1"]
[White "BEBADO"]
[Black "gafilho"]
[Result "0-1"]
[WhiteElo "2225"]
[BlackElo "2398"]

1. e4 c5 2. Nf3 d6 3. d4 cxd4 4. Nxd4 Nf6 5. Nc3 a6 6. Be3 e5 7. Nb3 Be6 8. f3
Nbd7 9. Qd2 b5 10. a4 b4 11. Nd5 Bxd5 12. exd5 Nb6 13. Bxb6 Qxb6 14. a5 Qb7 15.
Bc4 Be7 16. Ra4 Rb8 17. Qd3 Ra8 18. Qd2 Rb8 19. Nc1 O-O 20. Na2 Nd7 21. b3 Bd8
22. Kd1 f5 23. Rxb4 Qc7 24. Rxb8 Nxb8 25. Qb4 Qxa5 26. Qxa5 Bxa5 27. b4 Bb6 28.
Ke2 e4 29. f4 Kf7 30. Bb3 Kf6 31. c4 Rc8 32. Rc1 g5 33. fxg5+ Kxg5 34. g3 Nd7
35. Nc3 Bd4 36. Kd2 Ne5 37. Ne2 Nf3+ 38. Kc2 Be5 39. Ba2 Kg4 40. Kb3 Nxh2 41. c5
Kf3 42. cxd6 Rd8 0-1

[Event "AUTO-ELITE-876"]
[Site "http://www.queenalice.com/game.php?id=1012664"]
[Date "2011.11.26"]
[Round "1"]
[White "lupengui"]
[Black "gafilho"]
[Result "1-0"]
[WhiteElo "2724"]
[BlackElo "2401"]

1. e4 c5 2. Nf3 d6 3. d4 cxd4 4. Nxd4 Nf6 5. Nc3 a6 6. Be3 e6 7. f3 b5 8. Qd2 b4
9. Na4 Nbd7 10. Bc4 Ne5 11. Bb3 d5 12. exd5 Nxd5 13. O-O Bb7 14. Rae1 Rc8 15.
Bg5 Qc7 16. Qe2 Bd6 17. f4 Ng6 18. Nxe6 fxe6 19. Qxe6+ Nde7 20. f5 Bxh2+ 21. Kh1
Bg3 22. Qf7+ Kd8 23. Rd1+ Bd6 24. fxg6 hxg6+ 25. Kg1 Bc6 26. Nc5 Re8 27. Ne6+
Kd7 28. Nxc7 Kxc7 29. Rxd6 1-0

[Event "AUTO-ELITE-876"]
[Site "http://www.queenalice.com/game.php?id=1012665"]
[Date "2011.11.26"]
[Round "1"]
[White "gafilho"]
[Black "lupengui"]
[Result "0-1"]
[WhiteElo "2403"]
[BlackElo "2722"]

1. d4 Nf6 2. c4 e6 3. Nc3 Bb4 4. Qc2 O-O 5. a3 Bxc3+ 6. Qxc3 b6 7. Bg5 Bb7 8. f3
h6 9. Bh4 d5 10. e3 Re8 11. Nh3 Nbd7 12. Nf2 c5 13. dxc5 Rc8 14. cxb6 Qxb6 15.
Rc1 dxc4 16. e4 Nd5 17. exd5 exd5+ 18. Kd1 a5 19. Rc2 d4 20. Qd2 Ne5 21. Bg3 c3
22. Qc1 Bd5 23. Be2 Bb3 24. Bd3 cxb2 0-1